[Event "nurmalso  C50e ital hungary defence"]
[Site "SchemingMind.com"]
[Date "2017.10.07"]
[Round "-"]
[White "frankly"]
[Black "echecs"]
[Result "1-0"]
[WhiteCountry "ENG"]
[BlackCountry "ENG"]
[WhiteElo "2526"]
[WhiteRD "63"]
[BlackElo "1816"]
[BlackRD "68"]
[GameID "419236"]

1. e4 e5 2. Nf3 Nc6 3. Bc4 Be7 4. d4 exd4 5. Nxd4 Ne5 6. Bb3 d6 7. f4 Nc6 8. Nc3 Nf6 9. Nxc6 bxc6 10. Be3 O-O
11. Qf3 Ng4 12. Bg1 Kh8 13. O-O-O a5 14. h3 Nh6 15. g4 Bb7 16. g5 Ng8 17. h4 f6 18. Be3 Qc8 19. f5 Bd8 20. Be6 Qb8
21. Qh5 a4 22. Bxg8 Kxg8 23. g6 hxg6 24. fxg6 Re8 25. Qh7+ Kf8 26. Qh8+ Ke7 27. Qxg7+ Ke6 28. Qf7+
1-0

[Event "nurmalso  C50e ital hungary defence"]
[Site "SchemingMind.com"]
[Date "2017.10.09"]
[Round "-"]
[White "DANDYLIONHONEYBADGER"]
[Black "echecs"]
[Result "0-1"]
[WhiteCountry "USA"]
[BlackCountry "ENG"]
[WhiteElo "1350"]
[WhiteRD "80"]
[BlackElo "1785"]
[BlackRD "73"]
[GameID "419238"]

1. e4 e5 2. Nf3 Nc6 3. Bc4 Be7 4. c3 d6 5. g3 Nf6 6. Bb5 Bd7 7. Na3 O-O 8. d3 a6 9. Bxc6 bxc6 10. h4 Bg4
11. Bg5 h6 12. Bxf6 Bxf6 13. Nc4 d5 14. exd5 Qxd5 15. Ncd2 Rfe8 16. Ne4 Bd8 17. c4 Qa5+ 18. Kf1 f5 19. Nc3 e4 20. dxe4 fxe4
21. Qe1 Bxf3 22. Rh2 Qb4 23. b3 a5 24. Qe3 Be7 25. Nxe4 Bxe4 26. Qxe4 Bf6 27. Qxc6 Bxa1 28. Qd5+ Kh8 29. Kg2 Qc3 30. Qc6 Rac8
31. Qg6 Rf8 32. g4 Rcd8 33. g5 Qf3+ 34. Kg1 Rd1#
0-1

[Event "nurmalso  C50e ital hungary defence"]
[Site "SchemingMind.com"]
[Date "2017.10.04"]
[Round "-"]
[White "echecs"]
[Black "Wojtek26"]
[Result "1-0"]
[WhiteCountry "ENG"]
[BlackCountry "POL"]
[WhiteElo "1816"]
[WhiteRD "68"]
[BlackElo "1515"]
[BlackRD "52"]
[GameID "419239"]

1. e4 e5 2. Nf3 Nc6 3. Bc4 Be7 4. d4 exd4 5. c3 d6 6. cxd4 Nf6 7. Bb5 Bd7 8. Nc3 a6 9. Bd3 O-O 10. O-O Bg4
11. Be2 h6 12. a3 Re8 13. Be3 d5 14. e5 Nd7 15. Nxd5 Nb6 16. Nxb6 cxb6 17. h3 Bh5 18. g4 Bg6 19. d5 Nb8 20. Qb3 b5
21. Rad1 Qa5 22. d6 Bf8 23. Nh4 Bh7 24. d7 Rd8 25. e6 Be7 26. Nf5 Nc6 27. Nxe7+ Nxe7 28. Bc5
1-0

[Event "nurmalso  C50e ital hungary defence"]
[Site "SchemingMind.com"]
[Date "2017.10.07"]
[Round "-"]
[White "Wojtek26"]
[Black "echecs"]
[Result "0-1"]
[WhiteCountry "POL"]
[BlackCountry "ENG"]
[WhiteElo "1515"]
[WhiteRD "52"]
[BlackElo "1816"]
[BlackRD "68"]
[GameID "419240"]

1. e4 e5 2. Nf3 Nc6 3. Bc4 Be7 4. O-O Nf6 5. Nc3 O-O 6. d3 d6 7. Bg5 Bg4 8. h3 Bh5 9. Nd5 Nxd5 10. Bxd5 Bxg5
11. g4 Bg6 12. Kg2 h5 13. gxh5 Bxh5 14. Rg1 Nd4 15. h4 Bxf3+
0-1

[Event "nurmalso  C50e ital hungary defence"]
[Site "SchemingMind.com"]
[Date "2017.10.10"]
[Round "-"]
[White "aliwood"]
[Black "The Stonewall"]
[Result "0-1"]
[WhiteCountry "ENG"]
[BlackCountry "ENG"]
[WhiteElo "1242"]
[WhiteRD "59"]
[BlackElo "2349"]
[BlackRD "90"]
[GameID "419283"]

1. e4 e5 2. Nf3 Nc6 3. Bc4 Be7 4. O-O Nf6 5. d3 O-O 6. Re1 a6 7. c3 d6 8. a3 h6 9. Nbd2 b5 10. Bb3 Rb8
11. d4 exd4 12. Nxd4 Ne5 13. f3 c5 14. Nf5 Bxf5 15. exf5 Nd3 16. Rf1 Qb6 17. Ne4 Nxc1 18. Rxc1 c4+ 19. Rf2 cxb3 20. Nxf6+ Bxf6
21. Qxb3 Bg5 22. Rd1 Be3 23. Kf1 Bxf2
0-1

[Event "nurmalso  C50e ital hungary defence"]
[Site "SchemingMind.com"]
[Date "2017.10.10"]
[Round "-"]
[White "The Stonewall"]
[Black "aliwood"]
[Result "1-0"]
[WhiteCountry "ENG"]
[BlackCountry "ENG"]
[WhiteElo "2360"]
[WhiteRD "93"]
[BlackElo "1301"]
[BlackRD "55"]
[GameID "419284"]

1. e4 e5 2. Nf3 Nc6 3. Bc4 Be7 4. d4 d6 5. c3 Nf6 6. Nbd2 O-O 7. O-O exd4 8. cxd4 Bg4 9. d5 Ne5 10. Be2 Nxf3+
11. Bxf3 Bxf3 12. Qxf3 c6 13. dxc6 bxc6 14. b3 Re8 15. Rd1 Rb8 16. Bb2 d5 17. Rac1 Qb6 18. e5 Ne4 19. Nxe4 dxe4 20. Qxe4 c5
21. Qg4 g6 22. Qc4 Red8 23. Bc3 Rxd1+ 24. Rxd1 Rd8 25. Rxd8+ Bxd8 26. Qe4 Qc7 27. Qd5 Kf8 28. g3 a6 29. Kg2 Qe7 30. Qa8 h5
31. Ba5 Kg7 32. Qxd8 Qxd8 33. Bxd8
1-0

[Event "nurmalso  C50e ital hungary defence"]
[Site "SchemingMind.com"]
[Date "2017.10.10"]
[Round "-"]
[White "echecs"]
[Black "The Stonewall"]
[Result "0-1"]
[WhiteCountry "ENG"]
[BlackCountry "ENG"]
[WhiteElo "1840"]
[WhiteRD "71"]
[BlackElo "2349"]
[BlackRD "90"]
[GameID "419285"]

1. e4 e5 2. Nf3 Nc6 3. Bc4 Be7 4. d4 exd4 5. Nxd4 d6 6. O-O Nf6 7. Nc3 O-O 8. Re1 Ne5 9. Bb3 c5 10. Nf5 Bxf5
11. exf5 c4 12. Ba4 a6 13. Bf4 b5 14. Nxb5 axb5 15. Bxb5 Qc8 16. Bxe5 dxe5 17. Rxe5 Qb8 18. Rxe7 Qxb5 19. b3 Qxf5 20. Re3 Ng4
21. Rf3 Qe5 22. Rg3 Rfd8 23. Qf1 cxb3 24. cxb3 Nxf2 25. Kxf2 Qc5+ 26. Re3 Rd2+
0-1

[Event "nurmalso  C50e ital hungary defence"]
[Site "SchemingMind.com"]
[Date "2017.10.10"]
[Round "-"]
[White "The Stonewall"]
[Black "echecs"]
[Result "1-0"]
[WhiteCountry "ENG"]
[BlackCountry "ENG"]
[WhiteElo "2349"]
[WhiteRD "90"]
[BlackElo "1840"]
[BlackRD "71"]
[GameID "419286"]

1. e4 e5 2. Nf3 Nc6 3. Bc4 Be7 4. O-O Nf6 5. d3 O-O 6. Re1 d6 7. a4 Bg4 8. h3 Bh5 9. c3 a6 10. a5 Na7
11. Nbd2 Nb5 12. Nf1 c6 13. Ng3 Bg6 14. Be3 Nc7 15. Bb3 Ne6 16. Bb6 Qc8 17. Nh4 Kh8 18. Nhf5 Qd7 19. d4 exd4 20. Nxe7 Qxe7
21. cxd4 Nd7 22. Nf5 Qg5 23. Nxd6 Nxb6 24. axb6 Rab8 25. Bxe6 fxe6 26. Qc1 Qd8 27. Qc5 Qf6 28. f3 Qf4 29. Rad1 Qg3 30. Re3 Bh5
31. Rd2 Rxf3 32. Rxf3 Bxf3 33. Rf2 Bd1 34. Nxb7 Qe3 35. Qd6 Rg8 36. Nd8 h5 37. b7 h4 38. b8=Q Qe1+ 39. Rf1 Qe3+ 40. Kh1 Qe2
41. Qf4 Bc2 42. Qxh4+
1-0

[Event "nurmalso  C50e ital hungary defence"]
[Site "SchemingMind.com"]
[Date "2017.10.07"]
[Round "-"]
[White "Scooter"]
[Black "The Stonewall"]
[Result "0-1"]
[WhiteCountry "USA"]
[BlackCountry "ENG"]
[WhiteElo "1667"]
[WhiteRD "56"]
[BlackElo "2331"]
[BlackRD "88"]
[GameID "419288"]

1. e4 e5 2. Nf3 Nc6 3. Bc4 Be7 4. O-O Nf6 5. Nc3 Nxe4 6. Nxe4 d5 7. Bxd5 Qxd5 8. Nc3 Qc5 9. d3 O-O 10. Qe2 Bg4
11. Ne4 Bxf3 12. Qxf3 Qxc2 13. Qg3 Rfd8 14. Bh6 g6 15. Rfd1 Qxb2 16. Rab1 Qxa2 17. Rxb7 Qe2 18. Rc1 Rxd3 19. f3 Rd1+ 20. Rxd1 Qxd1+
21. Kf2 Rd8 22. Rxc7 Qc2+ 23. Kf1 Qc4+
0-1

[Event "nurmalso  C50e ital hungary defence"]
[Site "SchemingMind.com"]
[Date "2017.10.07"]
[Round "-"]
[White "ray winteringham"]
[Black "The Stonewall"]
[Result "0-1"]
[WhiteCountry "ENG"]
[BlackCountry "ENG"]
[WhiteElo "1535"]
[WhiteRD "53"]
[BlackElo "2331"]
[BlackRD "88"]
[GameID "419290"]

1. e4 e5 2. Nf3 Nc6 3. Bc4 Be7 4. O-O Nf6 5. d3 O-O 6. Be3 d5 7. exd5 Nxd5 8. Nbd2 Be6 9. h3 Qd7 10. Bxd5 Bxd5
11. c4 Be6 12. Qe2 Rfd8 13. Ne1 Nb4 14. Ndf3 Nc6 15. Nc2 Qxd3 16. Qxd3 Rxd3 17. b3 Rad8 18. c5 R3d5 19. b4 e4 20. Nfd4 Nxd4
21. Bxd4 Rxd4 22. Nxd4 Rxd4 23. a3 Rd3 24. Rfd1 Bf6 25. Re1 Bxa1 26. Rxa1 Kf8 27. Kf1 Ke7 28. Ke2 Bc4 29. Ke1 Kd7 30. Rc1 Bd5
31. Ke2 Rxa3 32. Rd1 Ke6 33. g3 Ke5 34. f4+ Ke6 35. f5+ Ke5 36. g4 Rxh3 37. g5 Bc4+ 38. Kf2 Bd3 39. Kg2 Rh5
0-1

[Event "nurmalso  C50e ital hungary defence"]
[Site "SchemingMind.com"]
[Date "2017.10.10"]
[Round "-"]
[White "The Stonewall"]
[Black "Pol MacGilla tSamhais"]
[Result "1-0"]
[WhiteCountry "ENG"]
[BlackCountry "IRL"]
[WhiteElo "2349"]
[WhiteRD "90"]
[BlackElo "1096"]
[BlackRD "95"]
[GameID "419291"]

1. e4 e5 2. Nf3 Nc6 3. Bc4 Be7 4. d4 d6 5. O-O f6 6. Nc3 Nh6 7. Bxh6 gxh6 8. Nxe5 fxe5 9. Qh5+ Kd7 10. Qf5+ Ke8
11. Qf7+ Kd7 12. Be6#
1-0

[Event "nurmalso  C50e ital hungary defence"]
[Site "SchemingMind.com"]
[Date "2017.10.08"]
[Round "-"]
[White "Pol MacGilla tSamhais"]
[Black "The Stonewall"]
[Result "0-1"]
[WhiteCountry "IRL"]
[BlackCountry "ENG"]
[WhiteElo "1121"]
[WhiteRD "101"]
[BlackElo "2365"]
[BlackRD "91"]
[GameID "419292"]

1. e4 e5 2. Nf3 Nc6 3. Bc4 Be7 4. d4 exd4 5. c3 Na5 6. Ne5 Nxc4 7. Nxc4 d5 8. exd5 b5 9. Ncd2 Qxd5 10. O-O Nf6
11. Re1 Be6 12. Nf3 dxc3 13. bxc3 Qxd1 14. Rxd1 O-O 15. Nbd2 c5 16. Ne5 Bd6 17. Nc6 Rfc8 18. Na5 Be5 19. Bb2 Bc7 20. Nc6 Bxh2+
21. Kxh2 Rxc6 22. Nf3 Ra6 23. Ne5 Re8 24. Rd3 Bf5 25. Rg3 Rxe5 26. Rd1 Rxa2 27. f4 Re8 28. Bc1 g6 29. Rd6 Ng4+ 30. Kg1 Re1#
0-1

[Event "nurmalso  C50e ital hungary defence"]
[Site "SchemingMind.com"]
[Date "2017.10.05"]
[Round "-"]
[White "The Stonewall"]
[Black "Chessibelle"]
[Result "1-0"]
[WhiteCountry "ENG"]
[BlackCountry "ENG"]
[WhiteElo "2331"]
[WhiteRD "88"]
[BlackElo "1098"]
[BlackRD "60"]
[GameID "419293"]

1. e4 e5 2. Nf3 Nc6 3. Bc4 Be7 4. d4 Bf6 5. dxe5 Nxe5 6. Nxe5 Bxe5 7. Bxf7+ Kf8 8. Bb3 d6 9. O-O Nf6 10. f4 Bd4+
11. Qxd4 c5 12. Qc4 Qe7 13. Nc3 Ng4 14. h3 Nh6 15. Bd2 Bd7 16. Rae1 Be6 17. Qxe6 Re8 18. Qc4 Qd7 19. Qd3 Re7 20. Nd5 Re6
21. Bc3 Qe8 22. Nc7 Qg6 23. Nxe6+ Ke7 24. Rf3 b6 25. Rg3 Qe8 26. Rxg7+ Nf7 27. Nc7 Qd7 28. Rxf7+ Kd8 29. Rxd7+ Kxd7 30. Bxh8
1-0

[Event "nurmalso  C50e ital hungary defence"]
[Site "SchemingMind.com"]
[Date "2017.10.05"]
[Round "-"]
[White "Chessibelle"]
[Black "The Stonewall"]
[Result "0-1"]
[WhiteCountry "ENG"]
[BlackCountry "ENG"]
[WhiteElo "1098"]
[WhiteRD "60"]
[BlackElo "2331"]
[BlackRD "88"]
[GameID "419294"]

1. e4 e5 2. Nf3 Nc6 3. Bc4 Be7 4. d3 Nf6 5. a3 d5 6. Bb3 Bg4 7. O-O dxe4 8. Qe2 exf3 9. gxf3 Bh5 10. Nd2 O-O
11. Ne4 Nd4 12. Qe3 Nxf3+ 13. Kh1 Nd4 14. Bc4 Nxc2 15. Qh3 Bg6 16. Rb1 Nxe4 17. f3 Ng5 18. Qg3 Bf6 19. h4 Ne6 20. Qg2 Ncd4
21. b4 b5 22. Ba2 Bxd3 23. Bb2 Bxf1 24. Qxf1 Bxh4 25. Qg1 Qf6 26. Rf1 Rad8 27. Bb1 Ne2 28. Qg2 Ng3+ 29. Kg1 Nxf1 30. Kxf1 Rd1+
31. Ke2 Rxb1 32. Bc3 Nf4+
0-1

[Event "nurmalso  C50e ital hungary defence"]
[Site "SchemingMind.com"]
[Date "2017.10.06"]
[Round "-"]
[White "The Stonewall"]
[Black "frankly"]
[Result "0-1"]
[WhiteCountry "ENG"]
[BlackCountry "ENG"]
[WhiteElo "2365"]
[WhiteRD "91"]
[BlackElo "2655"]
[BlackRD "61"]
[GameID "419295"]

1. e4 e5 2. Nf3 Nc6 3. Bc4 Be7 4. d4 d6 5. dxe5 dxe5 6. Qxd8+ Bxd8 7. Nc3 Nf6 8. Be3 Be6 9. Bb5 Nd7 10. O-O-O h6
11. h3 Be7 12. Nd5 Bd6 13. a3 a6 14. Be2 Ne7 15. c4 Bxd5 16. exd5 Nf5 17. Bd3 Nxe3 18. fxe3 O-O 19. Rhf1 g6 20. Nd2 f5
21. Be2 e4 22. Nb3 h5 23. Nd4 h4 24. Ne6 Rfb8 25. b4 b6 26. Kc2 a5 27. Ra1 Be5 28. Nd4 Kg7 29. Kb3 Kf6 30. Kc3 Kg5
31. b5 Nc5 32. Rad1 Rf8 33. Kc2 Bd6 34. Kc3 f4 35. exf4+ Rxf4 36. Kd2 Raf8 37. Rxf4 Bxf4+ 38. Kc2 Bd6 39. Bg4 Rf2+ 40. Rd2 Rxd2+
41. Kxd2 Kf4 42. Ne6+ Nxe6 43. dxe6 Bxa3 44. Bd1 Bb4+ 45. Ke2 Bc5 46. Bc2 Ke5 47. Kd2 e3+ 48. Ke2 Kxe6 49. Bxg6 Ke5 50. Bc2 Kd4
0-1

[Event "nurmalso  C50e ital hungary defence"]
[Site "SchemingMind.com"]
[Date "2017.10.10"]
[Round "-"]
[White "frankly"]
[Black "The Stonewall"]
[Result "1-0"]
[WhiteCountry "ENG"]
[BlackCountry "ENG"]
[WhiteElo "2655"]
[WhiteRD "61"]
[BlackElo "2365"]
[BlackRD "91"]
[GameID "419296"]

1. e4 e5 2. Nf3 Nc6 3. Bc4 Be7 4. d4 d6 5. dxe5 dxe5 6. Qxd8+ Bxd8 7. Nc3 Bg4 8. Be3 Nf6 9. O-O-O Be7 10. h3 Bd7
11. Bg5 Be6 12. Nd5 Bd8 13. Bb5 O-O 14. Bxc6 bxc6 15. Nxf6+ Bxf6 16. Bxf6 gxf6 17. Rd3 Rfb8 18. Rc3 Rb6 19. b3 Kf8 20. Rd1 Ke7
21. Ne1 Rg8 22. Rc5 Bd7 23. Ra5 a6 24. c4 h5 25. f3 h4 26. Rd2 Bc8 27. Nd3 Rg3 28. Kb2 Rb8 29. Kc2 Rg8 30. Kc3 Rg7
31. Nc5 Rb6 32. a4 Rg8 33. Nd3 Rb8 34. Rc2 Rg3 35. Nb4 Kf8 36. Rf2 Bb7 37. Nd3 Rg8 38. Rd2 Rd8 39. Ra2 Rb8 40. Rf2 Bc8
41. Nb4 Bb7 42. Rc5 Rd8 43. Nxc6 Rd7 44. b4 Kg7 45. b5 Ra8 46. Ra2 Bxc6 47. Rxc6 axb5 48. cxb5 Ra5 49. Kb4 Ra7 50. Rc4 Rd1
51. a5 Kf8 52. a6 Ke7 53. Rc6 Rd7 54. Rac2 Rd4+ 55. Ka5 Rd7 56. R2c5
1-0

[Event "nurmalso  C50e ital hungary defence"]
[Site "SchemingMind.com"]
[Date "2017.10.09"]
[Round "-"]
[White "DANDYLIONHONEYBADGER"]
[Black "The Stonewall"]
[Result "0-1"]
[WhiteCountry "USA"]
[BlackCountry "ENG"]
[WhiteElo "1269"]
[WhiteRD "86"]
[BlackElo "2360"]
[BlackRD "93"]
[GameID "419298"]

1. e4 e5 2. Nf3 Nc6 3. Bc4 Be7 4. c3 Nf6 5. Ng5 O-O 6. h3 h6 7. Nf3 Nxe4 8. Qe2 d5 9. Bd3 Nc5 10. Bc2 Be6
11. Nxe5 Nxe5 12. Qxe5 Bf6 13. Qe3 Re8 14. O-O d4 15. cxd4 Bc4 16. Qa3 Bxf1 17. Kxf1 Qxd4 18. Nc3 Re6 19. Ne2 Qc4 20. d3 Qxc2
0-1

[Event "nurmalso  C50e ital hungary defence"]
[Site "SchemingMind.com"]
[Date "2017.10.05"]
[Round "-"]
[White "The Stonewall"]
[Black "Wojtek26"]
[Result "1-0"]
[WhiteCountry "ENG"]
[BlackCountry "POL"]
[WhiteElo "2331"]
[WhiteRD "88"]
[BlackElo "1515"]
[BlackRD "52"]
[GameID "419299"]

1. e4 e5 2. Nf3 Nc6 3. Bc4 Be7 4. d4 exd4 5. Nxd4 Nxd4 6. Qxd4 Bf6 7. Qd5 Qe7 8. O-O c6 9. Qd3 Be5 10. f4 Bc7
11. Be3 Nf6 12. e5 Ng4 13. Bd4 c5 14. Bc3 O-O 15. h3 Nh6 16. Nd2 d6 17. Rae1 Re8 18. exd6 Qxd6 19. Rxe8+
1-0

[Event "nurmalso  C50e ital hungary defence"]
[Site "SchemingMind.com"]
[Date "2017.10.07"]
[Round "-"]
[White "Wojtek26"]
[Black "The Stonewall"]
[Result "0-1"]
[WhiteCountry "POL"]
[BlackCountry "ENG"]
[WhiteElo "1515"]
[WhiteRD "52"]
[BlackElo "2331"]
[BlackRD "88"]
[GameID "419300"]

1. e4 e5 2. Nf3 Nc6 3. Bc4 Be7 4. O-O Nf6 5. Nc3 Nxe4 6. Nxe4 d5 7. Bxd5 Qxd5 8. Nc3 Qa5 9. d3 O-O 10. Bd2 Bg4
11. h3 Be6 12. Ne4 Qd5 13. Nc3 Qd7 14. Re1 f6 15. a3 Rad8 16. Be3 Rfe8 17. Qe2 Bf7 18. Nd2 f5 19. d4 exd4
0-1